00603nam a2200181Ii 450000100060000000300090000600800410001502000150005604000330007104100080010408200170011224500930012926401060022230000120032833600260034033700280036633800270039410823CO-ViMGA241108s9999||||xx |||||||||||||| ||und|| a9589381235 aCO-ViMGAbspaerdacCO-ViMGA0 aunk04a341.767-R28610aReunión de Ministros de Cultura de Paises No Alineados [1:b1997, Sep. 3-5 Medellín] 1a[Lugar de publicación no identificado] : Presidencia de la República: Ministerio de Cultura, 1997 avolumen atextbtxt2rdacontent aunmediatedbn2rdamedia avolumebnc2rdacarrier